000 00698cam a2200193 4500
001 WB3626-25
008 000000n2000 000 0 eng u
035 _a(Sirsi) u107000
245 _aSavills finds support in London prices
260 _c2000
490 _aFinancial Times
_v 5 July 2000, 24(1)
520 _aSavills saw its annual pre-tax profits rise by 31%. This was helped by strong residential markets especially in London, but the company warned that the growth seen earlier this year might be slowing.
590 _aWB
650 _aSAVILLS
650 _aPROPERTY CONSULTANCY
650 _aRESULTS
690 _aMANAGEMENT-BUSINESS MANAGEMENT-PROFESSIONAL PRACTICE
942 _n0
999 _c63976
_d63976